[Event "Challenge"]
[Site "http://www.queenalice.com/game.php?id=1867958"]
[Date "2026.1.15"]
[Round "-"]
[White "Rovigo"]
[Black "gizmokaka"]
[Result "0-1"]
[WhiteElo "1493"]
[BlackElo "2836"]

1. e4 d5 2. f3 e5 3. Be2 Bc5 4. Nh3 Bxh3 5. Bf1 Bxg2 6. Bxg2 Qh4+ 7. Ke2 Qf2+ 8.
Kd3 dxe4+ 9. fxe4 Nc6 10. Bf3 O-O-O+ 11. Kc4 Qd4+ 12. Kb3 Qb4# 0-1